|
|
|
|
| LEADER |
00000nab a2200000 a 4500 |
| 001 |
vtls009301986 |
| 003 |
SK-MaSNL |
| 005 |
20260426062812.0 |
| 008 |
140527c2008 xo mr|p|||||||000 b|slo |
| 015 |
|
|
|a SNBRB2008/06
|2 snkbucl
|
| 038 |
|
|
|a SNKBUCL
|
| 040 |
|
|
|a SNKBUCL
|b slo
|c SNKBUCL
|e AACR2
|
| 041 |
0 |
|
|a slo
|
| 044 |
|
|
|a xo
|c SK
|
| 080 |
|
|
|a 791.079
|2 2001
|
| 100 |
1 |
|
|a Hochel, Jaroslav,
|d 1962-
|4 aut
|9 194599
|
| 245 |
1 |
0 |
|a MFF Bratislava - stabilná kvalita, variabilná pestrosť
|c Jaroslav Hochel
|
| 611 |
2 |
7 |
|a Medzinárodný filmový festival
|n (9. :
|d 2007 :
|c Bratislava, Slovensko)
|2 snkbucl
|9 1283052
|
| 651 |
|
7 |
|a Bratislava (Slovensko)
|2 snkbucl
|9 14568
|
| 773 |
0 |
|
|t RAK
|g Roč. XIII, č. 1 (2008), s. 49-50
|x 1335-1702
|
| 852 |
|
|
|a SNK
|b KIS3GCP
|
| 958 |
|
|
|a SK
|
| 999 |
|
|
|c 2549621
|d 2551551
|